000 00287nam a2200109 4500
008 160622b xxu||||| |||| 00| 0 eng d
100 _9450
_aAllen, L,
245 _aLionel and Spy Next Door
260 _aLon
_b Homish Hamilton
_c1985
300 _aLionel and Spy Next Door
942 _2ddc
_cBK
999 _c372
_d372